Dark Knight Rises Plane Scene Script - Statistics

General Stats
  • This quiz has been taken 1,018 times
    731 since last reset
  • The average score is 21 of 53
Answer Stats
Speaker Hint Answer % Correct
CIA __ _____, __ ___. Dr. Pavel, I'm CIA
73%
CIA ____? BANE?
70%
Bane ___ ___. For you.
65%
Bane __! No!
64%
CIA _____ _ ___ ___. You're a big guy.
60%
Dr. Pavel ____ ___ ___ __ _______. They are not my friends.
58%
Masketta Man __ ______ _____. He wasn't alone.
53%
Bane __ _____ ___ _______ _______. It would be extremely painful.
52%
CIA __, ___ _____ ___ __ _____ ______. Uh, you don't get to bring friends.
49%
Bane ___. Yes.
49%
CIA ___ ____ __ ____ ___ ____? Why does he wear the mask?
48%
Bane ______ ____ ____... Crashing this plane...
47%
Masketta Man ____ ____ ___ ___ ________, ___ _______ ___. They work for the mercenary, the masketta man.
47%
CIA ___ ____ __ _____, ___ ____ __ __. Get them on board, I'll call it in.
46%
CIA ____ __ _____ ____! Tell me about Bane!
45%
CIA ___ ___ _____ _ ____ ____? And why would I want them?
44%
Bane ___ ____ _____. The fire rises.
44%
CIA __ _____ ___ ___ ____! At least you can talk!
43%
CIA __ ______ ___ __ ____! He didn't fly so good!
43%
Bane ____ __ ________! WITH NO SURVIVORS!
43%
Masketta Man ____ _____. __ _____ ___ ____. Don't worry. No charge for them.
42%
CIA _____ ___ __ ____ ____ __ ____ __ __ _______! First one to talk gets to stay on my aircraft!
42%
Bane __ _____! Of coursh!
42%
Masketta Man ____ ____ ______ __ ____ ____ _____. They were trying to grab your prize.
42%
Bane _____ _______ __ ___ ____ ...what matters is our plan.
42%
CIA ____ ___ ___? Who are you?
42%
Bane __ _______ ______ ___ __ ___... It doesn't matter who we are...
41%
CIA ___ ______ ______ ____ __ ____ ____? Was getting caught part of your plan?
38%
Masketta Man ___. Aye.
37%
CIA ___ ____ ___ __ ___! but only ONE of you!
37%
CIA __ _ ____ _____ ___ ____ ___ ___? If I pull that off will you die?
37%
Dr. Pavel ______! _ ____ ______! Nothing! I said nothing!
36%
CIA _____ _______ ___ _ _____ ___! Lotta loyalty for a hired gun!
35%
CIA ___ ____ ___ __ ____ ___ ______? Who paid you to grab Dr. Pavel?
35%
Bane ..._____ _______ ___ ___ __ _ _____? ...before throwing him out of a plane?
34%
CIA ___ _____ __ ___ ____? Who wants to try next?
34%
Bane ____ _____ _____. That comes later.
32%
CIA ___ ___ ________ ______! You got yourself caught!
31%
Juan Ovous ____ __ ______ ___ ____? Have we started the fire?
30%
Bane __ ______ ___ ______ ___ _____ ___ ___ _ ___... Or perhaps he's wondering why someone would shoot a man...
30%
Sir ___? Sir?
30%
CIA ___ _____ _ ____ _____ ____ ___ ______ _____ __, __ ___, __ _____ ____, The flight plan I just filed with the agency lists me, my men, Dr. Pavel here,
30%
CIA ____ __________! Well congratulations!
30%
Bane ___ __ ___ ___ ____ ___ ____. Now is not the time for fear.
28%
Bane ____ ______ ___ __ __ __ ___ _______ ______. They expect one of us in the wreckage brother.
28%
Bane __ _____ ______ ___ _____ __ _____ __ ____. Dr. Pavel refused our offer in favor of yours.
25%
Bane __ ___ __ ____ ___ ____ __ ____ ___. We had to find out what he told you.
22%
CIA ___ _____ ___ ____ ____ __ ____ ______ ____? Now what's the next step of your master plan?
21%
CIA (internally) __ __ ______ ____! I'm in charge here!
20%
Bane ____ ____, ______. Calm down, doctor.
19%
Bane ______ _____ ___ _ ___ ___ _ ___ __ ___ ____. No one cared who I was 'til I put on the mask.
19%
CIA (internally) __, ____ ____ __ ________! No, this can't be happening!
18%
Itin ______, ______! Mayday, mayday!
10%
No matching quizzes found
Score Distribution
Percent of People with Each Score
Percentile by Number Answered
Your Score History
You have not taken this quiz since the last reset